Identifikace vybočujících dat při prôzkumové analýze

Cieľ prieskumovej analýzy - odhalenie osobitostí údajov a overenie predpokladov pre následné štatistické spracovanie. Vybočujúce hodnoty ako hodnoty, ktoré sa značne líšia od typicky sa vyskytujúcich hodôt, spôsobujúce vyšší rozptyl, menšiu presnosť odhadov, asymetriu rozdelenia, nenormálnosť rozdel...

Full description

Saved in:
Bibliographic Details
Main Author: Škapa, Stanislav
Format: Book Chapter
Language:Czech
Subjects:
Tags: Add Tag
No Tags, Be the first to tag this record!

MARC

LEADER 00000naa$a2200000$$$4500
001 0019532
005 20221128124326.6
041 0 |a cze 
044 |a SK 
245 1 0 |a Identifikace vybočujících dat při prôzkumové analýze  |c Stanislav Škapa 
520 |a Cieľ prieskumovej analýzy - odhalenie osobitostí údajov a overenie predpokladov pre následné štatistické spracovanie. Vybočujúce hodnoty ako hodnoty, ktoré sa značne líšia od typicky sa vyskytujúcich hodôt, spôsobujúce vyšší rozptyl, menšiu presnosť odhadov, asymetriu rozdelenia, nenormálnosť rozdelenia atď. Postup na identifikáciu vybočujúcich hodnôt na príklade z oblasti kontroly kvality. 
610 2 0 |a metódy štatistické 
610 2 0 |a prieskum štatistický 
610 2 0 |a analýzy 
610 2 0 |a analýza štatistická 
610 2 0 |a spracovanie dát 
610 2 0 |a hodnota 
100 1 |a Škapa, Stanislav